000 01003nam a22002297a 4500
003 OSt
005 20260226171420.0
008 260203b |||||||| |||| 00| 0 eng d
040 _c0
100 _aCivitillo, Sauro
_eauthor.
_969513
245 _aA Systematic Review and Meta-Analysis of theb associations Between Percieved Teacher-Based Racial-Ethnic Discrimination and Student Well-Being and Academic Outcomes /
_cSauro Civitillo, Anna-Maria Mayer, and Philipp Jugert.
260 _aWashington, DC ;
_bAmerican Psychological Association ,
_cJuly 2024
300 _aVolume 116, pages 791-741 :
_billustration ;
_c28 cm.
500 _aJournal of Educational Psychology, vol. 116, no. 5, pages 719-741, May-August 2024.
650 0 _aAcademic Achievement.
_96604
650 0 _aEthnicity
_969859
650 0 _aSocial Discrimination
_969860
700 _aCivitillo, Sauro
_eauthor.
_969513
700 _aMayer, Anna-Maria
_eauthor.
_969514
700 _aJugert, Philipp
_eauthor.
_969515
942 _2ddc
_cPER
999 _c24264
_d24264